[Event "SLO-chT1 East"]
[Site "Slovenia"]
[Date "2016.11.25"]
[Round "7"]
[White "Jusic, Zdenko"]
[Black "Coklin, Marko"]
[Result "1-0"]
[WhiteElo "2254"]
[BlackElo "2218"]
[PlyCount "87"]
[EventDate "2016.09.23"]
[EventType "team-tourn"]
[EventRounds "9"]
[EventCountry "SLO"]
[SourceTitle "EXT 2019"]
[Source "ChessBase"]
[SourceDate "2018.10.10"]
[SourceVersion "1"]
[SourceVersionDate "2018.10.10"]
[SourceQuality "1"]
[WhiteTeam "Zagorje ob Savi"]
[BlackTeam "Pomgrad Radenska II"]
[WhiteTeamCountry "SLO"]
[BlackTeamCountry "SLO"]

1. e4 c5 2. Nf3 Nc6 3. b3 Nf6 4. e5 Nd5 5. Bb2 e6 6. Bb5 Qc7 7. 0-0 Be7 8. Re1 0-0 9. c4 Nf4 10. Re4 Ng6 11. Bxc6 Qxc6 12. Nc3 f5 13. Re1 d6 14. Nb5 d5 15. d4 dxc4 16. bxc4 Rd8 17. Qb3 a6 18. a4 Qb6 19. a5 Qc6 20. Nd6 Bxd6 21. exd6 Qxd6 22. Rad1 Qc7 23. d5 exd5 24. cxd5 h6 25. Ne5 Nxe5 26. Rxe5 Kh7 27. Rde1 Rg8 28. Re7 Qd6 29. Qc3 Qg6 30. f4 h5 31. R1e3 Qg4 32. Rf3 h4 33. Qe1 Kh6 34. h3 Qh5 35. d6 b6 36. axb6 Rb8 37. Qe5 Rb7 38. d7 Rxd7 39. Rxd7 Bxd7 40. b7 Qe8 41. Rd3 Bb5 42. Rd6+ g6 43. Qxe8 Rxe8 44. Rb6 1-0